| Tag |
First Indicator |
Second Indicator |
Subfields |
| LEADER |
00000cam a2200000 a 4500 |
| 001 |
in00001532621 |
| 005 |
20151022051715.0 |
| 008 |
000421s2000 ncuabce b s001 0 eng |
| 010 |
|
|
|a 99023239
|
| 020 |
|
|
|a 0807825158 (cloth : alk. paper)
|
| 035 |
|
|
|a (OCoLC)41185008
|
| 040 |
|
|
|a DLC
|c DLC
|d TXA
|d UtOrBLW
|
| 043 |
|
|
|a n-us---
|
| 049 |
|
|
|a TXAM
|
| 050 |
0 |
0 |
|a E472.23
|b .P57 2000
|
| 082 |
0 |
0 |
|a 973.7/31
|2 21
|
| 100 |
1 |
|
|a Piston, William Garrett.
|
| 245 |
1 |
0 |
|a Wilson's Creek :
|b the second battle of the Civil War and the men who fought it /
|c William Garrett Piston & Richard W. Hatcher III.
|
| 264 |
|
1 |
|a Chapel Hill :
|b University of North Carolina Press,
|c [2000]
|
| 264 |
|
4 |
|c ©2000
|
| 300 |
|
|
|a xix, 408 pages :
|b illustrations, maps, plans, portraits ;
|c 25 cm.
|
| 336 |
|
|
|a text
|b txt
|2 rdacontent
|
| 337 |
|
|
|a unmediated
|b n
|2 rdamedia
|
| 338 |
|
|
|a volume
|b nc
|2 rdacarrier
|
| 490 |
1 |
|
|a Civil War America
|
| 504 |
|
|
|a Includes bibliographical references (pages [381]-397) and index.
|
| 650 |
|
0 |
|a Wilson's Creek, Battle of, Mo., 1861.
|
| 650 |
|
0 |
|a Soldiers
|z United States
|x History
|y 19th century.
|
| 651 |
|
0 |
|a United States
|x History
|y Civil War, 1861-1865
|x Social aspects.
|
| 700 |
1 |
|
|a Hatcher, Richard W.
|
| 830 |
|
0 |
|a Civil War America (Series)
|
| 948 |
|
|
|a cataloged
|b h
|c 2000/4/21
|d c
|e dmitchel
|f 8:47:38 am
|
| 994 |
|
|
|a E0
|b TXA
|
| 999 |
|
|
|a MARS
|
| 999 |
f |
f |
|s 9b3ec405-caac-3ed1-846b-f3998f76a072
|i 26a329c7-a529-3420-8fae-43c7d96185b1
|t 0
|
| 952 |
f |
f |
|p noncirc
|a Texas A&M University
|b College Station
|c Cushing Memorial Library & Archives
|d Cushing: Ragan Military (Does not check out)
|t 0
|e E472.23 .P57 2000
|h Library of Congress classification
|i unmediated -- volume
|
| 952 |
f |
f |
|p normal
|a Texas A&M University
|b College Station
|c Sterling C. Evans Library
|d Evans: Library Stacks
|t 0
|e E472.23 .P57 2000
|h Library of Congress classification
|i unmediated -- volume
|m A14826107534
|
| 998 |
f |
f |
|a E472.23 .P57 2000
|t 0
|l Evans: Library Stacks
|
| 998 |
f |
f |
|a E472.23 .P57 2000
|t 0
|l Cushing: Ragan Military (Does not check out)
|